[Event "Llinars del Valles op 5th"]
[Site "Llinars del Valles"]
[Date "2013.11.29"]
[Round "8"]
[White "Perez Rodriguez, Joan Antoni"]
[Black "Ayats Llobera, Gerard"]
[Result "1/2-1/2"]
[WhiteElo "2133"]
[BlackElo "2157"]
[PlyCount "68"]
[EventDate "2013.10.04"]
[EventType "swiss"]
[EventRounds "8"]
[EventCountry "ESP"]
[SourceTitle "CBM 157 Extra"]
[Source "ChessBase"]
[SourceDate "2013.12.19"]
[SourceVersion "1"]
[SourceVersionDate "2013.12.19"]
[SourceQuality "1"]

1. e4 c6 2. d4 d5 3. Nd2 dxe4 4. Nxe4 Nf6 5. Nxf6+ gxf6 6. Bf4 Bf5 7. Nf3 e6 8. Bd3 Bxd3 9. Qxd3 Nd7 10. 0-0-0 Qa5 11. Qb3 0-0-0 12. Rhe1 Nb6 13. g3 Nd5 14. Bd2 Qa6 15. Kb1 Nb6 16. Bf4 Rd5 17. Qd3 Rb5 18. Bc1 Na4 19. c4 Rb4 20. b3 Rb6 21. d5 cxd5 22. cxd5 Qxd3+ 23. Rxd3 Bb4 24. Re2 Nc5 25. Rc2 Kb8 26. Rd4 Na6 27. dxe6 Rxe6 28. Bf4+ Ka8 29. Rdc4 Bd6 30. Bxd6 Rxd6 31. Rc8+ Rxc8 32. Rxc8+ Nb8 33. Kc2 Rc6+ 34. Rxc6 Nxc6 1/2-1/2

[Event "Llinars del Valles Tardor op 3rd"]
[Site "Llinars del Valles"]
[Date "2011.11.25"]
[Round "9"]
[White "Alcaraz Aguilera, David"]
[Black "Perez Rodriguez, Joan Antoni"]
[Result "0-1"]
[WhiteElo "1682"]
[BlackElo "2025"]
[PlyCount "110"]
[EventDate "2011.09.30"]
[EventType "swiss"]
[EventRounds "9"]
[EventCountry "ESP"]
[SourceTitle "EXT 2013"]
[Source "ChessBase"]
[SourceDate "2012.11.22"]
[SourceVersion "1"]
[SourceVersionDate "2012.11.22"]
[SourceQuality "1"]

1. b3 e5 2. Bb2 Nc6 3. e3 a6 4. g3 d5 5. Ne2 Bf5 6. a3 Be4 7. Rg1 Bf3 8. Bg2 Bh5 9. d3 f5 10. Qd2 Nf6 11. h3 Bd6 12. Nbc3 Bf7 13. 0-0-0 Qe7 14. Nb1 0-0-0 15. f4 Rhe8 16. Rde1 Nd7 17. Nec3 Nb6 18. g4 exf4 19. exf4 Qd7 20. g5 Rxe1+ 21. Rxe1 Re8 22. Rxe8+ Qxe8 23. Qf2 Qe7 24. h4 Bc5 25. Qf1 Qe3+ 26. Nd2 Bd4 27. Nd1 Bxb2+ 28. Nxb2 Nd4 29. Bf3 Qxf4 30. Bd1 Qxf1 31. Nxf1 Ne6 32. Ne3 g6 33. Bf3 Nd4 34. Bh1 c6 35. Nbd1 Nd7 36. Kb2 Ne5 37. Nf2 Ne2 38. Nh3 Be6 39. a4 f4 40. Nxf4 Nxf4 41. d4 Ng4 42. Nf1 Nf2 43. Bf3 Bg4 44. Nh2 Bxf3 45. Nxf3 Ng4 46. c3 Kd7 47. c4 Ke6 48. Kc3 Kf5 49. Kb4 Ke4 50. Ka5 dxc4 51. bxc4 Kxf3 52. Kb6 Ke4 53. a5 Kxd4 54. Kxb7 Ne5 55. Kxa6 Nxc4 0-1

[Event "Santa Clara Salado Cup-B"]
[Site "Santa Clara"]
[Date "2003.02.07"]
[Round "7"]
[White "Molina Garcia, Liester"]
[Black "Perez Rodriguez, Joan Antoni"]
[Result "1-0"]
[WhiteElo "2135"]
[BlackElo "1965"]
[PlyCount "63"]
[EventDate "2003.02.03"]
[EventType "tourn"]
[EventRounds "9"]
[EventCountry "CUB"]
[SourceTitle "EXT 2004"]
[Source "ChessBase"]
[SourceDate "2003.11.25"]
[SourceVersion "1"]
[SourceVersionDate "2003.11.25"]
[SourceQuality "1"]

1. e4 e5 2. Nf3 Nc6 3. Bc4 Nf6 4. d3 Be7 5. c3 d5 6. exd5 Nxd5 7. 0-0 0-0 8. Re1 Bg4 9. h3 Bh5 10. Nbd2 Nf4 11. Ne4 Na5 12. Bxf4 exf4 13. Ned2 Bf6 14. d4 Nxc4 15. Nxc4 Qd5 16. Ncd2 Rfe8 17. Qa4 c6 18. Qxa7 Qd7 19. Qb6 h6 20. a3 Kh7 21. Qc5 g5 22. Rxe8 Rxe8 23. Re1 Rg8 24. Ne5 Qf5 25. Ne4 Bd8 26. f3 Bg6 27. Nxg6 Qxg6 28. Nd6 Kh8 29. Nxb7 g4 30. hxg4 Bh4 31. Re4 Rb8 32. Qe5+ 1-0